[Event "Krapina Regional Cup"]
[Site "Krapina"]
[Date "2016.02.28"]
[Round "4"]
[White "Soldo, Robert"]
[Black "Barlovic, Tomislav"]
[Result "1/2-1/2"]
[WhiteElo "2036"]
[BlackElo "2116"]
[PlyCount "119"]
[EventDate "2016.02.14"]
[EventType "team-swiss"]
[EventRounds "5"]
[EventCountry "CRO"]
[SourceTitle "CBM 171 Extra"]
[Source "ChessBase"]
[SourceDate "2016.04.26"]
[SourceVersion "1"]
[SourceVersionDate "2016.04.26"]
[SourceQuality "1"]

1. d4 Nc6 2. Nf3 d6 3. c4 e5 4. Nc3 Bg4 5. d5 Bxf3 6. exf3 Nd4 7. Be3 Nf5 8. c5 Be7 9. Bb5+ Kf8 10. cxd6 cxd6 11. 0-0 Nxe3 12. fxe3 Qb6 13. Qe2 Bg5 14. Rae1 Ne7 15. Kh1 Nf5 16. f4 Bh4 17. Na4 Qa5 18. Rd1 Nxe3 19. Qxe3 Qxb5 20. Nc3 Qb6 21. Qh3 Bf6 22. Ne4 h5 23. Nxf6 gxf6 24. fxe5 dxe5 25. Qh4 Rh6 26. d6 Kg7 27. Rd3 Rg6 28. Qe4 Qc6 29. Qxc6 bxc6 30. Rc1 f5 31. Rxc6 Rd8 32. Kg1 e4 33. Rd5 Re6 34. g3 Kf6 35. Kf2 Rd7 36. Ke3 Kg5 37. h3 h4 38. g4 Rf6 39. gxf5 Rd8 40. Kxe4 Re8+ 41. Re5 Rxe5+ 42. Kxe5 Rxf5+ 43. Ke4 Rf4+ 44. Ke3 Rf5 45. Kd4 Kf6 46. Rc7 Ke6 47. Rxa7 Kxd6 48. Ra6+ Kd7 49. Ke4 Rf2 50. b4 Rb2 51. a3 Rb3 52. Kf4 Rxh3 53. Kg4 Rh1 54. Rh6 Ra1 55. Rxh4 Rxa3 56. Kf5 Ke7 57. Re4+ Kd6 58. Rd4+ Kc6 59. Rf4 Ra7 60. Kf6 1/2-1/2

[Event "Krapina op 2nd"]
[Site "Krapina"]
[Date "2012.07.06"]
[Round "9"]
[White "Kozina, Zdenko"]
[Black "Barlovic, Tomislav"]
[Result "1/2-1/2"]
[WhiteElo "1893"]
[BlackElo "2040"]
[PlyCount "141"]
[EventDate "2012.06.26"]
[EventType "swiss"]
[EventRounds "9"]
[EventCountry "CRO"]
[SourceTitle "EXT 2013"]
[Source "ChessBase"]
[SourceDate "2012.11.22"]
[SourceVersion "1"]
[SourceVersionDate "2012.11.22"]
[SourceQuality "1"]

1. Nf3 Nc6 2. e3 e5 3. Bb5 e4 4. Nd4 Qg5 5. Bxc6 dxc6 6. Rg1 c5 7. Ne2 Bd6 8. Ng3 Bg4 9. f3 Bxg3+ 10. hxg3 Be6 11. Kf2 h5 12. Nc3 f5 13. b3 h4 14. g4 Nf6 15. gxf5 Bxf5 16. d3 0-0-0 17. Ne2 exd3 18. e4 Nxe4+ 19. fxe4 dxe2 20. Bxg5 exd1Q 21. Raxd1 Rxd1 22. Rxd1 Bxe4 23. c3 b6 24. Rh1 Rh5 25. Rxh4 Rxg5 26. Rxe4 Kd7 27. Rf4 Ke6 28. Re4+ Kd6 29. Rf4 Ke5 30. Rh4 a5 31. Kf3 Rf5+ 32. Ke2 Rf4 33. Rh8 c4 34. Rd8 cxb3 35. axb3 Ke6 36. Ke3 Rf1 37. Rd4 Rf5 38. c4 Re5+ 39. Kf2 g5 40. Rd8 Rc5 41. Ke3 a4 42. Kd4 axb3 43. Re8+ Kf5 44. Re3 Ra5 45. Rxb3 Ra2 46. Rf3+ Kg4 47. Rf7 c5+ 48. Kc3 Ra3+ 49. Kb2 Ra4 50. Kc3 Kg3 51. Rg7 g4 52. Rg6 Rb4 53. Rg5 Kf4 54. Rd5 Ra4 55. Rd6 Rb4 56. Re6 Kg3 57. Re2 Kh2 58. Kd3 g3 59. Rc2 Rb1 60. Ke4 Rf1 61. Rb2 Rd1 62. Rxb6 Kxg2 63. Rb2+ Kh3 64. Rb8 Rd4+ 65. Kf3 Rxc4 66. Rh8+ Rh4 67. Rg8 Rc4 68. Rh8+ Rh4 69. Rg8 Rb4 70. Rxg3+ Kh4 71. Rg1 1/2-1/2

[Event "Krapina op 2nd"]
[Site "Krapina"]
[Date "2012.07.04"]
[Round "7"]
[White "Barlovic, Tomislav"]
[Black "Galoic, Boris"]
[Result "1/2-1/2"]
[WhiteElo "2040"]
[BlackElo "1981"]
[PlyCount "92"]
[EventDate "2012.06.26"]
[EventType "swiss"]
[EventRounds "9"]
[EventCountry "CRO"]
[SourceTitle "EXT 2013"]
[Source "ChessBase"]
[SourceDate "2012.11.22"]
[SourceVersion "1"]
[SourceVersionDate "2012.11.22"]
[SourceQuality "1"]

1. e4 e5 2. Nc3 Nc6 3. f4 exf4 4. Nf3 g5 5. Bc4 g4 6. 0-0 gxf3 7. Qxf3 Qe7 8. Kh1 Ne5 9. Qxf4 c6 10. Bb3 Bh6 11. Qf2 f6 12. d4 Bxc1 13. Raxc1 Ng4 14. Qg3 d6 15. Rce1 Be6 16. Nd5 cxd5 17. exd5 Ne5 18. dxe5 dxe5 19. dxe6 0-0-0 20. Rd1 Nh6 21. Qe3 Rxd1 22. Rxd1 Rd8 23. Rf1 Nf5 24. Qxa7 Nd4 25. Rd1 Nc6 26. Qg1 Nd4 27. Qf1 Nxb3 28. Rxd8+ Kxd8 29. axb3 Qxe6 30. Qc4 Qf5 31. h3 e4 32. Kg1 h5 33. b4 h4 34. Qd4+ Ke8 35. b3 Qf4 36. Qf2 Qc1+ 37. Kh2 e3 38. Qe2 Ke7 39. Qf3 Qd2 40. Qxb7+ Kf8 41. Qc8+ Kf7 42. Qb7+ Kg6 43. Qe4+ Kg5 44. Qg4+ Kh6 45. Qxh4+ Kg7 46. Qg4+ Kf7 1/2-1/2

[Event "Krapina op 2nd"]
[Site "Krapina"]
[Date "2012.06.26"]
[Round "1"]
[White "Kerman, Josip"]
[Black "Barlovic, Tomislav"]
[Result "0-1"]
[WhiteElo "1735"]
[BlackElo "2040"]
[PlyCount "64"]
[EventDate "2012.06.26"]
[EventType "swiss"]
[EventRounds "9"]
[EventCountry "CRO"]
[SourceTitle "EXT 2013"]
[Source "ChessBase"]
[SourceDate "2012.11.22"]
[SourceVersion "1"]
[SourceVersionDate "2012.11.22"]
[SourceQuality "1"]

1. d4 Nc6 2. c4 e5 3. d5 Bb4+ 4. Bd2 Bxd2+ 5. Qxd2 Nce7 6. e4 d6 7. Nc3 Nh6 8. h3 0-0 9. Nf3 f5 10. Be2 Ng6 11. Qg5 Rf6 12. g3 f4 13. Nh4 Nf7 14. Qh5 f3 15. Nxf3 Nf4 16. gxf4 Rh6 17. Nxe5 Rxh5 18. Nxf7 Kxf7 19. Bxh5+ g6 20. Bg4 Qf6 21. f5 gxf5 22. Bh5+ Kf8 23. Ke2 fxe4 24. f4 Qh4 25. Bg4 Bxg4+ 26. hxg4 Qxg4+ 27. Ke1 Qg3+ 28. Ke2 Qg2+ 29. Ke3 Qf3+ 30. Kd2 Qd3+ 31. Kc1 e3 32. Rh2 Qf1+ 0-1

[Event "CRO-chT3 Center-A"]
[Site "Zagreb"]
[Date "2011.10.30"]
[Round "11.33"]
[White "Brajdic, Danko"]
[Black "Barlovic, Tomislav"]
[Result "1/2-1/2"]
[WhiteElo "2113"]
[BlackElo "2002"]
[PlyCount "89"]
[EventDate "2011.03.13"]
[EventType "team-tourn"]
[EventRounds "11"]
[EventCountry "CRO"]
[SourceTitle "EXT 2014"]
[Source "ChessBase"]
[SourceDate "2013.11.20"]
[SourceVersion "1"]
[SourceVersionDate "2013.11.20"]
[SourceQuality "1"]

1. d4 Nc6 2. Bf4 d6 3. e3 e5 4. dxe5 Nxe5 5. Bxe5 dxe5 6. Qxd8+ Kxd8 7. Nc3 c6 8. 0-0-0+ Kc7 9. Bc4 f6 10. Nge2 b5 11. Bb3 Bb4 12. a3 Bxc3 13. Nxc3 Bf5 14. Ne2 Ne7 15. c4 Be6 16. Rd2 a5 17. Ba2 Rhd8 18. Rhd1 Rxd2 19. Rxd2 b4 20. a4 Nf5 21. b3 Nh4 22. Bb1 Nxg2 23. Bxh7 Rh8 24. Be4 Rxh2 25. Ng3 Nh4 26. Nh5 Nf5 27. Bxf5 Bxf5 28. Nxg7 Bd7 29. f4 Rh1+ 30. Kb2 exf4 31. exf4 Rh4 32. f5 Rh7 33. Rg2 Kd6 34. Rd2+ Ke7 35. Re2+ Kf7 36. Ne6 Bxe6 37. Rxe6 Rh2+ 38. Kc1 Rf2 39. Rxc6 Rxf5 40. Rb6 Rf3 41. Kb2 Rf2+ 42. Kc1 Rf3 43. Kb2 Rf2+ 44. Kc1 Rf3 45. Kb2 1/2-1/2

[Event "Krapina op"]
[Site "Krapina"]
[Date "2011.07.13"]
[Round "7"]
[White "Barlovic, Tomislav"]
[Black "Turk, Tajana"]
[Result "1-0"]
[WhiteElo "2017"]
[BlackElo "1881"]
[PlyCount "47"]
[EventDate "2011.06.29"]
[EventType "swiss"]
[EventRounds "9"]
[EventCountry "CRO"]
[SourceTitle "EXT 2012"]
[Source "ChessBase"]
[SourceDate "2011.11.24"]
[SourceVersion "1"]
[SourceVersionDate "2011.11.24"]
[SourceQuality "1"]

1. Nc3 d5 2. e4 d4 3. Nce2 c5 4. f4 Nc6 5. Nf3 Nf6 6. Ng3 Qc7 7. d3 e5 8. fxe5 Nxe5 9. Nxe5 Qxe5 10. Be2 Qc7 11. Nh5 Nxh5 12. Bxh5 Bd6 13. g3 0-0 14. Qe2 g6 15. Bf3 Re8 16. 0-0 f5 17. Qg2 Rb8 18. Bg5 Be5 19. Rae1 Qg7 20. exf5 Bxf5 21. Bd5+ Be6 22. Bxe6+ Rxe6 23. Qd5 Rbe8 24. Bf6 1-0

[Event "Zagreb op-B"]
[Site "Zagreb"]
[Date "2011.04.17"]
[Round "8"]
[White "Barlovic, Tomislav"]
[Black "Vrsek, Ivan"]
[Result "1/2-1/2"]
[WhiteElo "2002"]
[BlackElo "2204"]
[PlyCount "96"]
[EventDate "2011.04.11"]
[EventType "swiss"]
[EventRounds "9"]
[EventCountry "CRO"]
[SourceTitle "CBM 141 Extra"]
[Source "ChessBase"]
[SourceDate "2011.05.03"]
[SourceVersion "1"]
[SourceVersionDate "2011.05.03"]
[SourceQuality "1"]

1. Nc3 d5 2. e4 e6 3. Nf3 Nf6 4. d3 dxe4 5. Nxe4 Be7 6. Be2 b6 7. 0-0 Bb7 8. Nc3 Nbd7 9. a4 a6 10. Bf4 0-0 11. Re1 Bb4 12. Bd2 Bd6 13. Ng5 h6 14. Nge4 Nxe4 15. Nxe4 Be5 16. Bc3 Bxe4 17. Bxe5 Bxg2 18. Bxg7 Kxg7 19. Kxg2 Rg8 20. Bf3 Rb8 21. Kh1 Qh4 22. Qd2 Nf6 23. Rg1+ Kh7 24. Rg3 Rg5 25. b3 Rbg8 26. Rag1 c5 27. Qe3 Qd4 28. Be4+ Nxe4 29. Qxe4+ Qxe4+ 30. dxe4 Rxg3 31. Rxg3 Rd8 32. Rd3 Rxd3 33. cxd3 Kg6 34. Kg2 Kg5 35. Kg3 e5 36. h4+ Kg6 37. Kg4 h5+ 38. Kg3 f6 39. Kf3 Kf7 40. Ke3 Ke6 41. Kd2 Kd6 42. Kc3 b5 43. axb5 axb5 44. Kb2 Kc6 45. Kc3 Kb6 46. Kb2 Ka5 47. Ka3 Ka6 48. Ka2 Ka5 1/2-1/2

[Event "CRO-chT3 Center-A"]
[Site "Zagreb"]
[Date "2011.04.03"]
[Round "4.54"]
[White "Barlovic, Tomislav"]
[Black "Krklec, Josip"]
[Result "1/2-1/2"]
[WhiteElo "2002"]
[BlackElo "2116"]
[PlyCount "44"]
[EventDate "2011.03.13"]
[EventType "team-tourn"]
[EventRounds "11"]
[EventCountry "CRO"]
[SourceTitle "EXT 2014"]
[Source "ChessBase"]
[SourceDate "2013.11.20"]
[SourceVersion "1"]
[SourceVersionDate "2013.11.20"]
[SourceQuality "1"]

1. Nc3 d5 2. e4 dxe4 3. Nxe4 Nf6 4. Ng3 e5 5. d3 Bc5 6. Be2 0-0 7. Nf3 Re8 8. 0-0 Nc6 9. c3 Bg4 10. Qb3 Bb6 11. Ng5 Qe7 12. Bxg4 Nxg4 13. Qc4 Nf6 14. Qh4 Rad8 15. Nf3 Rxd3 16. Nf5 Qf8 17. Bh6 gxh6 18. Nxh6+ Kh8 19. Qxf6+ Qg7 20. Nxf7+ Kg8 21. Nh6+ Kh8 22. Nf7+ Kg8 1/2-1/2

[Event "CRO-chT3"]
[Site "Zagreb"]
[Date "2009.04.26"]
[Round "6"]
[White "Barlovic, Tomislav"]
[Black "Podravec, Kresimir"]
[Result "0-1"]
[WhiteElo "1998"]
[BlackElo "2115"]
[PlyCount "94"]
[EventDate "2009.03.08"]
[EventType "team-tourn"]
[EventRounds "9"]
[EventCountry "CRO"]
[SourceTitle "EXT 2011"]
[Source "ChessBase"]
[SourceDate "2010.11.26"]
[SourceVersion "1"]
[SourceVersionDate "2010.11.26"]
[SourceQuality "1"]

1. e4 c5 2. Nf3 e6 3. d4 cxd4 4. Nxd4 Nf6 5. Nc3 Nc6 6. Nxc6 bxc6 7. e5 Nd5 8. Ne4 Qc7 9. f4 Rb8 10. c4 Nb6 11. Nd6+ Bxd6 12. exd6 Qd8 13. Qd4 0-0 14. Bd3 c5 15. Qxc5 Qh4+ 16. Qf2 Qf6 17. 0-0 Ba6 18. Be3 Bxc4 19. Bxb6 Bxd3 20. Bd4 Qf5 21. Rfd1 f6 22. Rac1 Rb4 23. Qe3 Be4 24. a3 Rb5 25. b4 Rd5 26. a4 a5 27. b5 Bc2 28. Rd2 Bxa4 29. b6 Rb5 30. Qa3 Bb3 31. Rf2 Qe4 32. Qa1 Bd5 33. Qc3 Bc6 34. Re1 Qd5 35. Rd2 Qf5 36. Rf2 a4 37. h3 Ra8 38. Ra1 Qe4 39. Re1 Qd5 40. Rd2 Qf5 41. Rb2 Rxb2 42. Qxb2 Qd5 43. Re2 a3 44. Qa1 Qxd6 45. Rf2 a2 46. Be3 Qd5 47. Rd2 Qe4 0-1

[Event "Hum na Sutli op"]
[Site "Hum na Sutli"]
[Date "2008.11.29"]
[Round "8"]
[White "Krklec, Josip"]
[Black "Barlovic, Tomislav"]
[Result "1-0"]
[WhiteElo "2182"]
[BlackElo "2000"]
[PlyCount "81"]
[EventDate "2008.11.22"]
[EventType "swiss"]
[EventRounds "9"]
[EventCountry "CRO"]
[SourceTitle "EXT 2010"]
[Source "ChessBase"]
[SourceDate "2010.11.25"]
[SourceVersion "1"]
[SourceVersionDate "2010.11.25"]
[SourceQuality "1"]

1. Nf3 Nf6 2. d4 g6 3. c4 Bg7 4. Nc3 0-0 5. e4 d6 6. Be2 e5 7. 0-0 Nc6 8. d5 Ne7 9. Ne1 Ne8 10. Be3 f5 11. f3 f4 12. Bf2 Nf6 13. c5 g5 14. cxd6 cxd6 15. Rc1 Bd7 16. Nb5 Bxb5 17. Bxb5 h5 18. Nc2 g4 19. Na3 Bh6 20. Qe2 g3 21. Be1 gxh2+ 22. Kxh2 Ng6 23. Qd2 h4 24. Qa5 b6 25. Qa4 Nh5 26. Bd7 Ng3 27. Rf2 Rf6 28. Bh3 Nf8 29. Rfc2 Rf7 30. Qa6 Nxe4 31. fxe4 f3 32. Rd1 Bf4+ 33. Kh1 Bg3 34. gxf3 Rxf3 35. Qe2 Qf6 36. Qg2 Ng6 37. Bf5 Rxf5 38. exf5 Nf4 39. Qf3 Qxf5 40. Bxg3 Qh3+ 41. Rh2 1-0

[Event "Hum na Sutli op"]
[Site "Hum na Sutli"]
[Date "2008.11.23"]
[Round "2"]
[White "Barlovic, Tomislav"]
[Black "Gotal, Vladimir"]
[Result "1-0"]
[WhiteElo "2000"]
[BlackElo "1879"]
[PlyCount "99"]
[EventDate "2008.11.22"]
[EventType "swiss"]
[EventRounds "9"]
[EventCountry "CRO"]
[SourceTitle "EXT 2010"]
[Source "ChessBase"]
[SourceDate "2010.11.25"]
[SourceVersion "1"]
[SourceVersionDate "2010.11.25"]
[SourceQuality "1"]

1. e4 c5 2. Nf3 Nc6 3. d4 cxd4 4. Nxd4 e6 5. Nc3 a6 6. a3 Nge7 7. Be3 g6 8. Be2 Bg7 9. Qd2 0-0 10. Nxc6 dxc6 11. 0-0-0 Qc7 12. f3 Qa5 13. Kb1 Bxc3 14. Qxc3 Qxc3 15. bxc3 f5 16. Bc5 Kf7 17. e5 Re8 18. c4 b5 19. Bxe7 Kxe7 20. c5 Bb7 21. f4 Red8 22. Bf3 Rxd1+ 23. Rxd1 Rd8 24. Rd6 Rc8 25. Kb2 h6 26. Kc3 g5 27. g3 g4 28. Bd1 a5 29. Kd4 h5 30. c3 Rh8 31. a4 bxa4 32. Bxa4 h4 33. gxh4 Rxh4 34. Bb3 Bc8 35. Rxc6 Bd7 36. Rc7 Kd8 37. Ra7 Rxh2 38. c6 Bxc6 39. Bxe6 g3 40. Rg7 g2 41. Kc5 Be4 42. Kd6 g1Q 43. Rxg1 Rd2+ 44. Kc5 Ke7 45. Bc4 Rf2 46. Rf1 Rc2 47. Kd4 Bc6 48. Bd3 Rd2 49. Ke3 Rxd3+ 50. Kxd3 1-0